[Event "4NCL Division 1a"]
[Site "Daventry, ENG"]
[Date "2020.01.12"]
[Round "4.21"]
[White "McNab, Colin A"]
[Black "Speelman, Jon S"]
[Result "0-1"]
[WhiteElo "2412"]
[BlackElo "2509"]
[PlyCount "108"]
[EventDate "2020.01.12"]
[WhiteTeam "Chessable White Rose 1"]
[BlackTeam "Wood Green"]

1. c4 b6 2. Nc3 e6 3. e4 Bb7 4. g3 f5 5. Bg2 Nf6 6. d3 fxe4 7. Nge2 Nc6 8. dxe4
Bc5 9. O-O O-O 10. Nf4 Ne5 11. Na4 Bd6 12. Qe2 Qe8 13. Nc3 g5 14. Nd3 Qg6 15.
Bxg5 Nxd3 16. Bxf6 Nf4 17. gxf4 Rxf6 18. f5 Rxf5 19. f3 Rf7 20. e5 Bc5+ 21. Kh1
Rg7 22. Ne4 Bxe4 23. fxe4 Kh8 24. Rf3 Qg4 25. Re1 Rag8 26. Rg3 Qxe2 27. Rxe2
Rxg3 28. hxg3 Rxg3 29. Rd2 Rg7 30. Rd3 Kg8 31. Kh2 Kf8 32. Rg3 Bd4 33. Rxg7
Kxg7 34. b3 Bxe5+ 35. Kh3 Kg6 36. Kg4 h5+ 37. Kf3 a5 38. Ke3 Kg5 39. Kf3 Bc3
40. Ke3 Kf6 41. Bf3 h4 42. Bg2 Ke5 43. Bf3 h3 44. Bg4 h2 45. Bf3 Kd6 46. Kd3
Be5 47. a4 Kc5 48. Bg2 c6 49. Bf3 Kb4 50. Kc2 Bc7 51. Bg2 c5 52. Bf3 b5 53.
axb5 a4 54. bxa4 Kxc4 0-1

[Event "4NCL Division 1a"]
[Site "Daventry, ENG"]
[Date "2020.01.12"]
[Round "4.32"]
[White "Hoffmann, Hendrik"]
[Black "Hill, Alistair"]
[Result "1/2-1/2"]
[WhiteElo "2246"]
[BlackElo "2217"]
[PlyCount "157"]
[EventDate "2020.01.12"]
[WhiteTeam "Celtic Tigers 1"]
[BlackTeam "Cambridge University 1"]

1. e4 e6 2. d4 d5 3. Nd2 Be7 4. c3 c5 5. e5 Nc6 6. Qg4 Kf8 7. Ndf3 cxd4 8. cxd4
Nb4 9. Kd1 Qc7 10. Ne1 Bd7 11. Bd2 Qb6 12. Nd3 Nxa2 13. Ke2 Bb5 14. Kf3 Bc4 15.
Nc5 Bxc5 16. dxc5 Qb3+ 17. Be3 Bxf1 18. Rxf1 Nb4 19. g3 Nc6 20. Kg2 d4 21. Bf4
d3 22. Rd1 Rd8 23. Nf3 Nge7 24. Rhe1 Ng6 25. Nh4 Qd5+ 26. Kg1 Nxh4 27. Qxh4 h6
28. Qh5 Nd4 29. Rxd3 Ne2+ 30. Rxe2 Qxd3 31. Kg2 Kg8 32. Re3 Qd5+ 33. Rf3 Rd7
34. Be3 Qe4 35. g4 g6 36. Qh3 h5 37. g5 Qxe5 38. Qh4 Qd5 39. Qa4 a6 40. Bf4 Kh7
41. Be5 Rc8 42. b4 Rf8 43. h4 Qc6 44. Qb3 Qe4 45. Bd6 Rfd8 46. Qc3 e5 47. Qxe5
Qxe5 48. Bxe5 Re8 49. Bf6 Kg8 50. Rc3 Re6 51. b5 axb5 52. Ra3 Re8 53. Ra5 Rc8
54. Rxb5 Kf8 55. f3 Ke8 56. Kg3 Rc6 57. Kf4 Rdc7 58. Bd4 Kd7 59. Rb1 Re6 60.
Bg7 Re8 61. Bd4 Kc6 62. Bf2 Rd7 63. Rb6+ Kd5 64. Rb1 Kc4 65. Rc1+ Kb3 66. Be3
Re6 67. Rb1+ Kc2 68. Ra1 Rd5 69. Bf2 Re2 70. Ra2+ Kd3 71. Ra3+ Kc4 72. Be3 Rf5+
73. Kg3 Rxe3 74. Rxe3 Kxc5 75. Kf2 Kd4 76. Re4+ Kd5 77. Rb4 b5 78. Rxb5+ Ke6
79. Rb6+ 1/2-1/2

[Event "4NCL Division 1a"]
[Site "Daventry, ENG"]
[Date "2020.01.12"]
[Round "4.35"]
[White "Robertson, J Stuart"]
[Black "Zulfic, Fedja"]
[Result "1/2-1/2"]
[WhiteElo "2157"]
[BlackElo "2156"]
[PlyCount "96"]
[EventDate "2020.01.12"]
[WhiteTeam "Cambridge University 1"]
[BlackTeam "Celtic Tigers 1"]

1. d4 Nf6 2. c4 g6 3. f3 c5 4. d5 d6 5. e4 Bg7 6. Ne2 Nbd7 7. Nec3 O-O 8. Be2
a6 9. a4 b6 10. Be3 Bb7 11. O-O Qc7 12. Qd2 e6 13. Na3 Rae8 14. Rad1 e5 15. g4
h5 16. h3 Bc8 17. Bd3 Kh7 18. Nc2 Rh8 19. Ne1 Kg8 20. Ng2 Nf8 21. Ne2 Bd7 22.
b4 Bxa4 23. Ra1 b5 24. bxc5 dxc5 25. Nc3 Bb3 26. cxb5 c4 27. b6 Qb7 28. Bc2 Rb8
29. Rfb1 hxg4 30. hxg4 N8d7 31. Bxb3 cxb3 32. Rxb3 Rh3 33. Kf2 Bf8 34. Na4 Bd6
35. Rc1 Kg7 36. Rc6 Ne8 37. Qc3 Ndf6 38. Nc5 Bxc5 39. Qxc5 Qd7 40. Ne1 Nxe4+
41. fxe4 Qxg4 42. Kf1 Nd6 43. Rxd6 Rbh8 44. Rc3 Rxe3 45. Qxe3 Rh1+ 46. Kf2 Rh2+
47. Kf1 Rh1+ 48. Kf2 Rh2+ 1/2-1/2

[Event "4NCL Division 1a"]
[Site "Daventry, ENG"]
[Date "2020.01.12"]
[Round "4.36"]
[White "Maciol, Ryszard"]
[Black "Lee, Richard W Y"]
[Result "1/2-1/2"]
[WhiteElo "2158"]
[BlackElo "2130"]
[PlyCount "84"]
[EventDate "2020.01.12"]
[WhiteTeam "Celtic Tigers 1"]
[BlackTeam "Cambridge University 1"]

1. d4 d5 2. c4 e6 3. Nc3 Nf6 4. Bg5 Be7 5. cxd5 Nxd5 6. Bxe7 Qxe7 7. Rc1 O-O 8.
Nf3 b6 9. e4 Nxc3 10. Rxc3 Bb7 11. Qc2 Rc8 12. Bd3 Na6 13. Qe2 Nb4 14. Bc4 b5
15. Bb3 c5 16. dxc5 Rxc5 17. O-O Rac8 18. Rfc1 a5 19. a3 Rxc3 20. bxc3 Nc6 21.
Qxb5 Qxa3 22. Rd1 Qe7 23. h3 Qc7 24. Ba4 h6 25. Qb1 Ba6 26. Rd2 Rb8 27. Qd1 Ne5
28. Nxe5 Qxe5 29. Rd4 Rc8 30. Qf3 Qf6 31. Qe3 Qe5 32. Qf3 Qf6 33. Qg3 Rc4 34.
Qb8+ Kh7 35. e5 Qg5 36. Bc2+ g6 37. f4 Qe7 38. Rd8 Qc5+ 39. Kh2 Bc8 40. Bd3
Rxc3 41. Ba6 Qf2 42. Rxc8 Qxf4+ 1/2-1/2

[Event "4NCL Division 1a"]
[Site "Daventry, ENG"]
[Date "2020.01.12"]
[Round "4.37"]
[White "Stewart, Ashley"]
[Black "Jarvinen, Rauno"]
[Result "0-1"]
[WhiteElo "2152"]
[BlackElo "1990"]
[PlyCount "102"]
[EventDate "2020.01.12"]
[WhiteTeam "Cambridge University 1"]
[BlackTeam "Celtic Tigers 1"]

1. c4 c5 2. g3 g6 3. Bg2 Bg7 4. Nc3 Nc6 5. a3 b6 6. Rb1 Bb7 7. b4 cxb4 8. axb4
d6 9. Bb2 Qd7 10. Qa4 e6 11. Nf3 Nge7 12. O-O O-O 13. e3 Rfc8 14. d3 a5 15.
bxa5 bxa5 16. Ne4 Qc7 17. Bxg7 Kxg7 18. Qa1+ e5 19. Rxb7 Qxb7 20. Nxd6 Qc7 21.
Nxc8 Rxc8 22. Rb1 f6 23. Rb5 Nb4 24. Ne1 Nec6 25. Qa4 Qd6 26. Rb6 Qc5 27. Rb5
Qd6 28. Qa3 Rd8 29. Bxc6 Nxc6 30. Rb7+ Kg8 31. Qxd6 Rxd6 32. Rb6 Kf8 33. d4
exd4 34. exd4 Ke7 35. c5 Re6 36. Nf3 Nb4 37. Rb7+ Kd8 38. Rb5 Ra6 39. Nd2 Nd5
40. c6 Nc7 41. Rc5 a4 42. Rc2 a3 43. Ra2 Nb5 44. d5 Nc3 45. c7+ Kc8 46. Ra1 a2
47. Nc4 Kxc7 48. Kf1 Ra4 49. d6+ Kd8 50. Ne3 Rb4 51. Nc2 Rb2 0-1

[Event "4NCL Division 1a"]
[Site "Daventry, ENG"]
[Date "2020.02.08"]
[Round "5.12"]
[White "Sadler, Matthew D"]
[Black "Horton, Andrew P"]
[Result "1-0"]
[WhiteElo "2692"]
[BlackElo "2470"]
[PlyCount "105"]
[EventDate "2020.02.08"]
[WhiteTeam "Guildford 1"]
[BlackTeam "3Cs 1"]

1. Nf3 Nf6 2. c4 e6 3. Nc3 Bb4 4. Qc2 O-O 5. a3 Bxc3 6. Qxc3 d6 7. b4 a5 8. e3
b6 9. b5 Bb7 10. Bb2 Nbd7 11. Be2 Qe7 12. O-O Rad8 13. Nd4 e5 14. Nc6 Bxc6 15.
bxc6 Nb8 16. f4 Nxc6 17. Rf3 exf4 18. Raf1 Ne5 19. Rxf4 Nfd7 20. Bd1 f6 21. Bc2
Rde8 22. h3 Rf7 23. Rh4 Nf8 24. Re4 Qd8 25. d4 Ned7 26. Rg4 Rfe7 27. Rg3 Ng6
28. Qd3 Ndf8 29. Ba4 Nd7 30. Bc6 Kh8 31. Rf5 Ngf8 32. h4 Rf7 33. e4 Ree7 34. h5
Ne6 35. h6 g6 36. Rf1 Qf8 37. Qe3 Nb8 38. Bd5 Nd7 39. Rf2 Kg8 40. Rgf3 Kh8 41.
c5 bxc5 42. dxc5 Ne5 43. cxd6 cxd6 44. Bxe5 dxe5 45. Qb6 Nf4 46. Bxf7 Rxf7 47.
Rc3 Qxh6 48. Rc7 Rxc7 49. Qxf6+ Kg8 50. Qd8+ Qf8 51. Qxc7 Qxa3 52. Qb8+ Kf7 53.
Qxe5 1-0

[Event "4NCL Division 1a"]
[Site "Daventry, ENG"]
[Date "2020.02.08"]
[Round "5.13"]
[White "Colovic, Aleksandar"]
[Black "McShane, Luke J"]
[Result "1/2-1/2"]
[WhiteElo "2443"]
[BlackElo "2677"]
[PlyCount "90"]
[EventDate "2020.02.08"]
[WhiteTeam "3Cs 1"]
[BlackTeam "Guildford 1"]

1. d4 Nf6 2. Nf3 e6 3. c4 Bb4+ 4. Bd2 c5 5. g3 Qb6 6. Bg2 cxd4 7. Nxd4 Bc5 8.
e3 Nc6 9. Bc3 d5 10. O-O O-O 11. Nb3 Be7 12. cxd5 Nxd5 13. Bxd5 exd5 14. Qxd5
Bh3 15. Rc1 Rad8 16. Qh5 Be6 17. N1d2 Rd5 18. Qe2 Qd8 19. Nd4 Nxd4 20. Bxd4 h5
21. Ne4 b6 22. Nc3 Rg5 23. Ne4 Rg4 24. Nd2 h4 25. Nc4 hxg3 26. hxg3 Rg6 27. Ne5
Rh6 28. Rd1 Bd6 29. Bc3 Qc7 30. Nf3 Qc5 31. Rd4 Be7 32. Re1 Qf5 33. Nh4 Qh7 34.
Qd3 f5 35. Kg2 g5 36. Nf3 g4 37. Ne5 Bf6 38. Rd6 Rh2+ 39. Kf1 Bxe5 40. Bxe5 Qf7
41. b3 Re8 42. Rd8 Kh7 43. Rxe8 Qxe8 44. Bc3 Qc6 45. e4 Rh1+ 1/2-1/2

[Event "4NCL Division 1a"]
[Site "Daventry, ENG"]
[Date "2020.02.08"]
[Round "5.14"]
[White "Edouard, Romain"]
[Black "Ashton, Adam G"]
[Result "1-0"]
[WhiteElo "2640"]
[BlackElo "2379"]
[PlyCount "87"]
[EventDate "2020.02.08"]
[WhiteTeam "Guildford 1"]
[BlackTeam "3Cs 1"]

1. Nf3 d5 2. c4 e6 3. d4 Nf6 4. Nc3 Be7 5. Bf4 O-O 6. e3 b6 7. Qc2 Ba6 8. Rd1
dxc4 9. e4 c5 10. dxc5 Qc8 11. Bd6 Bxd6 12. cxd6 Nbd7 13. Be2 Qc5 14. O-O Bb7
15. Rfe1 b5 16. Bf1 e5 17. b4 cxb3 18. Qxb3 a6 19. h3 Rac8 20. Re3 b4 21. Na4
Qc2 22. Nd2 Qxb3 23. axb3 Rc2 24. Bd3 Ra2 25. Nc4 Bc6 26. Ncb2 Bb5 27. Bc4 Rc8
28. Bd3 Bxd3 29. Nxd3 a5 30. Ree1 g6 31. g4 Rc6 32. g5 Nh5 33. Ndc5 Rxc5 34.
Nxc5 Nxc5 35. d7 Nxd7 36. Rxd7 Nf4 37. h4 Nh3+ 38. Kg2 Nxf2 39. Kf3 Nh3 40. Rc1
Rb2 41. Rc8+ Kg7 42. Rdd8 Rxb3+ 43. Ke2 Nf4+ 44. Kd2 1-0

[Event "4NCL Division 1a"]
[Site "Daventry, ENG"]
[Date "2020.02.08"]
[Round "5.24"]
[White "McClement, Andrew"]
[Black "McPhillips, Joseph"]
[Result "1-0"]
[WhiteElo "2215"]
[BlackElo "2434"]
[PlyCount "79"]
[EventDate "2020.02.08"]
[WhiteTeam "Cambridge University 1"]
[BlackTeam "Wood Green"]

1. Nf3 Nf6 2. c4 g6 3. g3 Bg7 4. Bg2 O-O 5. O-O d6 6. Nc3 e5 7. d3 Nc6 8. Rb1
a5 9. a3 Re8 10. Bg5 h6 11. Bxf6 Bxf6 12. b4 axb4 13. axb4 Bg7 14. b5 Ne7 15.
Qb3 Be6 16. Nd2 c6 17. Ra1 Rxa1 18. Rxa1 d5 19. bxc6 bxc6 20. Ra7 e4 21. cxd5
cxd5 22. Nb5 e3 23. fxe3 Qb6 24. d4 Nf5 25. Bxd5 Rb8 26. Bxe6 fxe6 27. Rc7 Qa6
28. Rc5 Nxd4 29. exd4 Bxd4+ 30. Nxd4 Rxb3 31. N2xb3 Qa2 32. Re5 Kf7 33. Rxe6 h5
34. Re3 g5 35. Re5 Kf6 36. Re6+ Kg7 37. Nf5+ Kf7 38. Nbd4 h4 39. gxh4 gxh4 40.
Rh6 1-0

[Event "4NCL Division 1a"]
[Site "Daventry, ENG"]
[Date "2020.02.08"]
[Round "5.25"]
[White "Haria, Ravi"]
[Black "Gallagher, Daniel GH"]
[Result "0-1"]
[WhiteElo "2450"]
[BlackElo "2171"]
[PlyCount "134"]
[EventDate "2020.02.08"]
[WhiteTeam "Wood Green"]
[BlackTeam "Cambridge University 1"]

1. Nf3 Nf6 2. g3 g6 3. Bg2 Bg7 4. O-O O-O 5. d4 d6 6. a4 Nc6 7. a5 a6 8. c4 e5
9. d5 Ne7 10. Nc3 Ne8 11. Qb3 h6 12. Rd1 Rb8 13. c5 Bd7 14. cxd6 cxd6 15. Nd2
f5 16. Nc4 Nc8 17. Bd2 g5 18. Be1 g4 19. Na4 Bb5 20. Nc3 Bd7 21. Na4 Bb5 22.
Rac1 h5 23. Rc2 h4 24. Ncb6 Nxb6 25. Nxb6 f4 26. Rdc1 Qf6 27. Nc4 Bh6 28. Nd2
Bxe2 29. Ne4 Qf5 30. Rxe2 f3 31. Re3 fxg2 32. gxh4 Bxe3 33. Qxe3 Qf4 34. Kxg2
Qf3+ 35. Qxf3 Rxf3 36. Rc4 Rd3 37. Nc3 Nf6 38. Rc7 Nxd5 39. Nxd5 Rxd5 40. Rd7
b6 41. axb6 Rxb6 42. Bc3 Rc5 43. Kg3 Rc4 44. h5 Rf4 45. Rd8+ Rf8 46. Rd7 Rf7
47. Rd8+ Kh7 48. Kxg4 Rxf2 49. h4 Rc6 50. Kg5 Rf7 51. Bd2 a5 52. h6 a4 53. Kh5
Rb6 54. Bc3 Rf5+ 55. Kg4 Rf7 56. Kh5 Rb3 57. Rc8 d5 58. Bd2 Rxb2 59. Bc1 Rg2
60. Ra8 d4 61. Rxa4 d3 62. Bg5 d2 63. Ra1 Rd7 64. Rd1 e4 65. Be3 Rd5+ 66. Bg5
e3 67. Rxd2 Rgxd2 0-1

[Event "4NCL Division 1a"]
[Site "Daventry, ENG"]
[Date "2020.02.08"]
[Round "5.27"]
[White "Greet, Andrew N"]
[Black "Lee, Richard W Y"]
[Result "1-0"]
[WhiteElo "2425"]
[BlackElo "2130"]
[PlyCount "69"]
[EventDate "2020.02.08"]
[WhiteTeam "Wood Green"]
[BlackTeam "Cambridge University 1"]

1. d4 d5 2. Nf3 Nf6 3. c4 e6 4. g3 Be7 5. Bg2 O-O 6. O-O c6 7. Qc2 Nbd7 8. Nbd2
b6 9. e4 Bb7 10. e5 Ne8 11. cxd5 cxd5 12. Re1 Rc8 13. Qa4 Bc6 14. Qb3 b5 15.
Bf1 Qb6 16. Bd3 b4 17. Qc2 g6 18. Nf1 Bb7 19. Qe2 Nb8 20. h4 Ba6 21. Bg5 Bxd3
22. Qxd3 f6 23. exf6 Bxf6 24. Rac1 Rxc1 25. Bxc1 Nc7 26. Bf4 Nb5 27. Be3 Nc6
28. Rd1 a5 29. g4 Kh8 30. Ng3 Bg7 31. Kg2 Rxf3 32. Kxf3 Nbxd4+ 33. Kg2 Qd8 34.
Rc1 Qb6 35. Bxd4 1-0

[Event "4NCL Division 1a"]
[Site "Daventry, ENG"]
[Date "2020.02.08"]
[Round "5.32"]
[White "Taylor, Martin R"]
[Black "Lund, D Brett"]
[Result "0-1"]
[WhiteElo "2345"]
[BlackElo "2265"]
[PlyCount "124"]
[EventDate "2020.02.08"]
[WhiteTeam "Barbican 4NCL 1"]
[BlackTeam "Spirit of Atticus A"]

1. d4 d6 2. e4 Nf6 3. f3 c5 4. d5 e5 5. Be3 Be7 6. Qd2 O-O 7. c4 Ne8 8. Bd3 Nd7
9. Ne2 g6 10. g4 Bh4+ 11. Ng3 Ng7 12. Ke2 Nf6 13. Rg1 h5 14. gxh5 Nfxh5 15.
Nxh5 Nxh5 16. Nc3 Kh7 17. Kd1 Qf6 18. Kc2 Bh3 19. Bf2 Bxf2 20. Qxf2 a6 21. a4
Nf4 22. Ne2 Nxe2 23. Bxe2 Kg7 24. b3 Rh8 25. Rg3 Rh4 26. Bd3 Rah8 27. Rd1 Bd7
28. Rd2 Qf4 29. Qg1 Qh6 30. Rgg2 Rh3 31. Rgf2 Qf4 32. Qh1 b6 33. Bf1 R3h4 34.
Bd3 Qf6 35. Kb2 Rb8 36. Qf1 Qf4 37. Rc2 Qe3 38. Qd1 b5 39. cxb5 axb5 40. axb5
Bxb5 41. Bxb5 Rxb5 42. Rce2 Qf4 43. Qd3 Rb4 44. Rc2 Rh8 45. Kb1 Rhb8 46. Rb2
Qg5 47. Rfc2 R4b7 48. Rc4 Ra7 49. Ra4 Qg1+ 50. Ka2 Rba8 51. Ka3 Qa1+ 52. Ra2
Qc1+ 53. Rb2 Qa1+ 54. Ra2 Rxa4+ 55. bxa4 Qc1+ 56. Rb2 Rxa4+ 57. Kxa4 Qxb2 58.
Ka5 Qb4+ 59. Ka6 c4 60. Qe3 c3 61. f4 Qa3+ 62. Kb7 Qb2+ 0-1

[Event "4NCL Division 1a"]
[Site "Daventry, ENG"]
[Date "2020.02.08"]
[Round "5.48"]
[White "Andrzejewska, Anna"]
[Black "Sucikova, Svetlana"]
[Result "0-1"]
[WhiteElo "1974"]
[BlackElo "2160"]
[PlyCount "116"]
[EventDate "2020.02.08"]
[WhiteTeam "Celtic Tigers 1"]
[BlackTeam "Chessable White Rose 1"]

1. e4 c6 2. d4 d5 3. Nc3 dxe4 4. Nxe4 Nf6 5. Nxf6+ exf6 6. c3 Bd6 7. Bd3 O-O 8.
Ne2 Qc7 9. Qc2 h6 10. h3 Re8 11. O-O Nd7 12. c4 Nf8 13. Be3 Bd7 14. Rfe1 Rad8
15. a3 Qc8 16. Ng3 Bb8 17. Rad1 Be6 18. Nf5 h5 19. h4 g6 20. Ng3 Qc7 21. Qc3
Bg4 22. Rc1 Nh7 23. Nf1 Qd7 24. Qc2 Kg7 25. b4 Nf8 26. f3 Be6 27. Bf2 f5 28.
Rcd1 Kh7 29. d5 cxd5 30. c5 f6 31. Bd4 Kg7 32. a4 Qc7 33. b5 Bf7 34. Qf2 Ne6
35. b6 axb6 36. cxb6 Qf4 37. Bb5 Rh8 38. Be3 Qd6 39. Qb2 Rc8 40. Qd2 Rhd8 41.
a5 d4 42. Bf2 Qd5 43. Bd3 Bf4 44. Qb4 Bd6 45. Qd2 Ra8 46. Ra1 Nc5 47. Bc2 Be5
48. f4 Bb8 49. Ng3 Ne6 50. Rxe6 Bxe6 51. Ra4 d3 52. Bd1 Qb5 53. Bd4 Bd6 54. Qc3
Be7 55. Qe1 Kf7 56. Nxh5 Rxd4 57. Rxd4 Bc5 58. Kh2 Bxd4 0-1

[Event "4NCL Division 1a"]
[Site "Daventry, ENG"]
[Date "2020.02.09"]
[Round "6.11"]
[White "Adams, Michael"]
[Black "Speelman, Jon S"]
[Result "1-0"]
[WhiteElo "2694"]
[BlackElo "2509"]
[PlyCount "73"]
[EventDate "2020.02.09"]
[WhiteTeam "Guildford 1"]
[BlackTeam "Wood Green"]

1. e4 e6 2. d4 d5 3. Nc3 Nf6 4. Bg5 dxe4 5. Nxe4 Nbd7 6. Nf3 h6 7. Bxf6 Nxf6 8.
Bd3 Bd6 9. Qe2 Bd7 10. O-O-O Bc6 11. Bb5 Qd7 12. Bxc6 Qxc6 13. Nxf6+ gxf6 14.
d5 Qa4 15. Kb1 e5 16. Nd2 O-O-O 17. Qh5 Qf4 18. f3 Qg5 19. Qxf7 Qxg2 20. Qxf6
Qh3 21. Rdg1 Rhf8 22. Rg3 Qd7 23. Qxh6 e4 24. Rg7 Qb5 25. Qe6+ Kb8 26. Qxe4
Rde8 27. Qc4 Qb6 28. Rg2 Rf4 29. Re2 Rg8 30. Ne4 Rxf3 31. Nxd6 Qxd6 32. Qe4
Rff8 33. a3 a6 34. h4 Rd8 35. h5 Qxd5 36. Qxd5 Rxd5 37. Re7 1-0

[Event "4NCL Division 1a"]
[Site "Daventry, ENG"]
[Date "2020.02.09"]
[Round "6.12"]
[White "Tan, Justin"]
[Black "Sadler, Matthew D"]
[Result "0-1"]
[WhiteElo "2511"]
[BlackElo "2692"]
[PlyCount "82"]
[EventDate "2020.02.09"]
[WhiteTeam "Wood Green"]
[BlackTeam "Guildford 1"]

1. e4 e6 2. d4 d5 3. Nd2 h6 4. Ngf3 Nf6 5. e5 Nfd7 6. Bd3 c5 7. c4 dxc4 8. Nxc4
Nc6 9. O-O cxd4 10. Bf4 Nc5 11. Rc1 Nxd3 12. Qxd3 Qd5 13. Rfd1 Bd7 14. a3 Be7
15. b4 O-O 16. Qb1 Qb5 17. Nxd4 Nxd4 18. Rxd4 Rac8 19. Qd3 Rfd8 20. Qg3 Kh8 21.
Qe3 Be8 22. Rxd8 Rxd8 23. Nd6 Bxd6 24. exd6 Qd5 25. f3 Bc6 26. Rc5 Qd1+ 27. Kf2
a6 28. Bxh6 Rxd6 29. Rh5 Qc2+ 30. Kg3 Qg6+ 31. Kh4 Rd5 32. Bg5+ Kg8 33. g4 Qc2
34. h3 Qh2 35. Qa7 f6 36. Bxf6 Rxh5+ 37. Kxh5 Be8+ 38. Kg5 Qd2+ 39. f4 Qd5+ 40.
f5 Qd2+ 41. Kh4 gxf6 0-1

[Event "4NCL Division 1a"]
[Site "Daventry, ENG"]
[Date "2020.02.09"]
[Round "6.13"]
[White "McShane, Luke J"]
[Black "Haria, Ravi"]
[Result "1/2-1/2"]
[WhiteElo "2677"]
[BlackElo "2450"]
[PlyCount "81"]
[EventDate "2020.02.09"]
[WhiteTeam "Guildford 1"]
[BlackTeam "Wood Green"]

1. e4 e5 2. Nf3 Nc6 3. Bb5 g6 4. O-O Bg7 5. c3 a6 6. Ba4 d6 7. d4 exd4 8. cxd4
b5 9. Bb3 Nge7 10. d5 Na5 11. Nd4 O-O 12. Nc3 Bb7 13. Be3 Nxb3 14. Qxb3 c5 15.
dxc6 Nxc6 16. Nxc6 Bxc6 17. Rad1 Qe7 18. f3 Be5 19. Nd5 Bxd5 20. Rxd5 Rfc8 21.
g3 Rc4 22. Rf2 Rac8 23. Kg2 Qe6 24. Qd3 h5 25. Re2 R8c6 26. f4 Bg7 27. Bf2 Qe7
28. f5 Be5 29. Be3 Qc7 30. Kh3 Rc2 31. Bd4 Rxe2 32. Qxe2 Rc2 33. Qd1 Rc1 34.
Qf3 Bxd4 35. Rxd4 Qe7 36. Qf4 Rc2 37. fxg6 fxg6 38. Rxd6 Kg7 39. e5 g5 40. Qf6+
Qxf6 41. exf6+ 1/2-1/2

[Event "4NCL Division 1a"]
[Site "Daventry, ENG"]
[Date "2020.02.09"]
[Round "6.14"]
[White "Harvey, Marcus R"]
[Black "Edouard, Romain"]
[Result "0-1"]
[WhiteElo "2419"]
[BlackElo "2640"]
[PlyCount "100"]
[EventDate "2020.02.09"]
[WhiteTeam "Wood Green"]
[BlackTeam "Guildford 1"]

1. Nf3 c5 2. c4 Nc6 3. d4 cxd4 4. Nxd4 Nf6 5. Nc3 e6 6. a3 Bc5 7. Ndb5 O-O 8.
Bf4 a6 9. Bc7 Qe7 10. Bd6 Bxd6 11. Nxd6 Ne8 12. c5 Rb8 13. e3 Nxd6 14. Qxd6
Qxd6 15. cxd6 b5 16. Ne4 Rb6 17. Be2 Nd8 18. O-O Nb7 19. Rac1 f5 20. Nc5 Nxd6
21. Rfd1 Kf7 22. Nd3 Ke7 23. Ne5 f4 24. exf4 Rxf4 25. Bd3 Rd4 26. Bxh7 Rxd1+
27. Rxd1 Nc4 28. Ng6+ Kd8 29. b3 Nxa3 30. Ne5 a5 31. h4 d6 32. g4 Bb7 33. Rd3
Bd5 34. Ng6 Be4 35. Re3 d5 36. Nf8 Nc2 37. Re2 Nd4 38. Re3 Bxh7 39. Nxh7 b4 40.
Ng5 a4 41. bxa4 b3 42. Re1 b2 43. Rb1 Ne2+ 44. Kg2 Nc3 45. Nxe6+ Kd7 46. Rxb2
Rxb2 47. Nxg7 d4 48. Nf5 d3 49. Ne3 d2 50. h5 Nd5 0-1

[Event "4NCL Division 1a"]
[Site "Daventry, ENG"]
[Date "2020.02.09"]
[Round "6.15"]
[White "Pert, Nicholas"]
[Black "Houska, Jovanka"]
[Result "1-0"]
[WhiteElo "2558"]
[BlackElo "2401"]
[PlyCount "96"]
[EventDate "2020.02.09"]
[WhiteTeam "Guildford 1"]
[BlackTeam "Wood Green"]

1. d4 d5 2. c4 e6 3. Nf3 Nf6 4. Nc3 Be7 5. Bf4 O-O 6. e3 Nbd7 7. c5 Nh5 8. Bd3
Nxf4 9. exf4 c6 10. O-O b6 11. b4 a5 12. a3 Qc7 13. g3 Bf6 14. Qc2 g6 15. h4
Ba6 16. Kg2 axb4 17. axb4 Bxd3 18. Qxd3 bxc5 19. bxc5 Bg7 20. h5 gxh5 21. Rh1
Rxa1 22. Rxa1 Rb8 23. Ra6 Qb7 24. Ne5 Bxe5 25. fxe5 Nf8 26. Rb6 Qc7 27. Qa6 h4
28. Rxc6 Qd8 29. Rb6 hxg3 30. Rxb8 Qxb8 31. fxg3 Qb2+ 32. Ne2 Qc2 33. Kf2 Ng6
34. Qa5 Qf5+ 35. Ke3 Qg5+ 36. Kd3 Qf5+ 37. Kd2 Qg5+ 38. Ke1 f6 39. Qd8+ Kf7 40.
c6 Ne7 41. c7 h5 42. exf6 Qxf6 43. c8=Q Nxc8 44. Qxc8 h4 45. Qd7+ Kg6 46. Nf4+
Kf5 47. Nxe6 hxg3 48. Qxd5+ Kg4 1-0

[Event "4NCL Division 1a"]
[Site "Daventry, ENG"]
[Date "2020.02.09"]
[Round "6.21"]
[White "Turner, Matthew J"]
[Black "Schneider, Dmitry"]
[Result "1/2-1/2"]
[WhiteElo "2521"]
[BlackElo "2475"]
[PlyCount "131"]
[EventDate "2020.02.09"]
[WhiteTeam "Barbican 4NCL 1"]
[BlackTeam "Chessable White Rose 1"]

1. Nf3 d5 2. g3 c5 3. Bg2 Nc6 4. d4 Nf6 5. O-O e6 6. c4 Be7 7. dxc5 Bxc5 8. Nc3
O-O 9. cxd5 exd5 10. b3 a6 11. Bb2 Ba7 12. Rc1 d4 13. Na4 Re8 14. Re1 Ne4 15.
Rf1 Bg4 16. h3 Bh5 17. g4 Bg6 18. Rxc6 bxc6 19. Bxd4 Bxd4 20. Nxd4 Qf6 21. e3
h5 22. gxh5 Bh7 23. Qf3 Qxf3 24. Nxf3 c5 25. Rc1 Rac8 26. h4 Bf5 27. Ng5 f6 28.
Nxe4 Bxe4 29. Bf1 a5 30. Kh2 Bf3 31. Nxc5 Bxh5 32. a3 Red8 33. b4 axb4 34. axb4
Rd2 35. Kg3 Rb2 36. Bc4+ Kh8 37. Be6 Rd8 38. Bf5 Rd1 39. Nd3 Rxc1 40. Nxb2 Rc3
41. Be6 Rc6 42. Bc4 Rb6 43. Nd3 Be2 44. b5 Rd6 45. Ne5 Bxc4 46. Nxc4 Rd5 47. b6
Rb5 48. h5 Rb4 49. Nd6 Rxb6 50. Nf5 Kh7 51. f3 Rb1 52. Kg2 Rb5 53. e4 Ra5 54.
Kg3 Ra1 55. Kg2 Kg8 56. Kh2 Kf7 57. Kg2 Ra7 58. Kg3 Ra8 59. Nd6+ Ke6 60. Nf5
Ra7 61. Nd4+ Kf7 62. Nf5 Rd7 63. Kh3 Ke6 64. Kg3 Ke5 65. h6 gxh6 66. Nxh6
1/2-1/2

[Event "4NCL Division 1a"]
[Site "Daventry, ENG"]
[Date "2020.02.09"]
[Round "6.23"]
[White "Jackson, James P"]
[Black "Wells, Peter K"]
[Result "0-1"]
[WhiteElo "2392"]
[BlackElo "2390"]
[PlyCount "96"]
[EventDate "2020.02.09"]
[WhiteTeam "Barbican 4NCL 1"]
[BlackTeam "Chessable White Rose 1"]

1. e4 e5 2. Nf3 Nc6 3. Bb5 a6 4. Ba4 Nf6 5. O-O Be7 6. Re1 b5 7. Bb3 d6 8. c3
O-O 9. h3 Bb7 10. d4 Re8 11. Ng5 Rf8 12. Nf3 Re8 13. Nbd2 Bf8 14. a4 h6 15. Bc2
exd4 16. cxd4 Nb4 17. Bb1 c5 18. d5 Nd7 19. Ra3 c4 20. Nd4 Qf6 21. N2f3 Nc5 22.
axb5 axb5 23. Nxb5 Rxa3 24. Nxa3 Ba6 25. Re3 Nbd3 26. Bxd3 cxd3 27. b4 Nxe4 28.
b5 Bb7 29. Qxd3 Qa1 30. Qb1 Qxb1 31. Nxb1 Rc8 32. Rxe4 Rxc1+ 33. Re1 Rc5 34.
Nd4 g6 35. Nd2 Rxd5 36. N2f3 Rc5 37. Re8 Rc1+ 38. Kh2 Rb1 39. Kg3 Kg7 40. h4
Rb4 41. Rb8 Be4 42. b6 d5 43. Rb7 Kf6 44. Rd7 Rxb6 45. Nd2 Bd6+ 46. Kh3 Bd3 47.
g4 Bf4 48. N2f3 Bf1# 0-1

[Event "4NCL Division 1a"]
[Site "Daventry, ENG"]
[Date "2020.02.09"]
[Round "6.27"]
[White "Cox, John J"]
[Black "Townsend, M Paul"]
[Result "1/2-1/2"]
[WhiteElo "2308"]
[BlackElo "2217"]
[PlyCount "88"]
[EventDate "2020.02.09"]
[WhiteTeam "Barbican 4NCL 1"]
[BlackTeam "Chessable White Rose 1"]

1. c4 e6 2. Nc3 d5 3. d4 Nf6 4. cxd5 exd5 5. Bg5 c6 6. e3 Be7 7. Bd3 Nbd7 8.
Qc2 h6 9. Bh4 Nh5 10. Bxe7 Qxe7 11. O-O-O Nb6 12. h3 Nf6 13. Nf3 Be6 14. Kb1
O-O-O 15. Rc1 Kb8 16. Na4 Nxa4 17. Qxa4 Ne4 18. Rc2 Bf5 19. Rhc1 Rc8 20. Ka1
Nd6 21. Bxf5 Nxf5 22. Ne5 Nd6 23. Qb4 Ka8 24. Nxf7 Qxf7 25. Qxd6 Rhf8 26. b4 a6
27. a4 Qf5 28. b5 cxb5 29. axb5 Rxc2 30. Rxc2 Qxc2 31. Qxf8+ Ka7 32. Qc5+ Qxc5
33. dxc5 axb5 34. f3 b6 35. c6 Kb8 36. Kb2 Kc7 37. Kc3 Kxc6 38. Kb4 Kd6 39.
Kxb5 d4 40. exd4 Kd5 41. Kxb6 Kxd4 42. Kc6 Ke3 43. Kd6 Kf2 44. Ke6 Kxg2 1/2-1/2